| 000 | 01149nam a2200229Ia 4500 | ||
|---|---|---|---|
| 003 | OSt | ||
| 005 | 20250402140850.0 | ||
| 007 | ca aa aaaaa | ||
| 008 | 201103s9999 xx 000 0 und d | ||
| 040 | _cSSBUL | ||
| 041 | _abur | ||
| 082 |
_223 _a၂၉၄.၃၈၂၄၇ ကုဏ် _b၉၁၉၄ S-SAT |
||
| 100 | 0 | _aကုဏ္ဍလာဘိဝံသ၊ အရှင်၊ သဒ္ဓမ္မရံသီရိပ်သာဆရာတော်။ | |
| 245 | 1 | 0 |
_aပဋ္ဌာန်းနှင့်ဝိပဿနာသိကောင်းစရာတရားတော်၊ ဒုတိယတွဲ / _cသဒ္ဓမ္မရံသီရိပ်သာဆရာတော် အရှင်ကုဏ္ဍလာဘိဝံသ။ |
| 260 |
_aရန်ကုန် ၊ _bစွယ်တော်ပုံနှိပ်တိုက်၊ _c၂၀၀၃။ |
||
| 300 |
_a၄၆၁ စာမျက်နှာ ၊ _c၂၁ စင်တီ။ |
||
| 500 | _aS-SAT: Dr. Sai Aung Tun | ||
| 650 | _aဗုဒ္ဓတရားတော် | ||
| 650 | _aပဋ္ဌာန်း | ||
| 650 | _aဝိပဿနာ | ||
| 942 |
_2ddc _cBK1 |
||
| 999 |
_c16750 _d16750 |
||